Logo biblioteca
Santa Fe 2917, Rosario, Santa Fe
Lu-Vi 8 a 19.45
+54-341-4232362
bibliotecaeudoro@gmail.com
Facebook Biblioteca Pedagógica
Sitio web

Werther / (Registro nro. 32507)

Detalles MARC
000 -CABECERA
campo fijo de control de longitud 00728cam a2200229 4500
001 - NÚMERO DE CONTROL
campo de control 32507
003 - IDENTIFICADOR DEL NÚMERO DE CONTROL
campo de control AR-RoBPED
005 - FECHA Y HORADE LA ULTIMA TRANSACCION
campo de control 20260407085749.0
008 - ELEMENTOS DE LONGITUD FIJA--INFORMACION GENERAL
campo fijo de control de longitud 260406s1969 sp ||||| |||| 00| f spa d
040 ## - FUENTE CATALOGADORA
Centro catalogador/agencia de origen AR-RoBPED
041 ## - IDIOMA
Código de idioma para texto/pista de sonido o título independiente spa
100 1# - ENCABEZAMIENTO PRINCIPAL--AUTOR PERSONAL
Nombre de persona Goethe, Johann Wolfgang von,
Fechas nac-muerte 1749-1832
9 (RLIN) 1257
245 13 - TITULO
Título Werther /
Mención de responsabilidad Goethe ; prólogo de Cármen Bravo-Villasante.
260 ## - PUBLICACION
Lugar Navarra :
Editor Salvat,
Fecha 1969.
300 ## - DESCRIPCION FISICA
Extensión 173 p.
490 0# - SERIE
Mención de serie (Básica Salvat ;
Designación de volumen o secuencia 10)
650 14 - TERMINO DE MATERIA--CONTROLADO
Término controlado LITERATURA ALEMANA
9 (RLIN) 908
Término controlado NOVELAS
9 (RLIN) 25
700 ## - ENCABEZAMIENTO SECUNDARIO--AUTOR PERSONAL
Nombre de persona Bravo Villasante, Carmen
Fecha de nac-muerte 1918-1994
9 (RLIN) 30667
Función prolog.
942 ## - ELEMENTOS KOHA
Fuente de clasificación Universal Decimal Classification
Número Koha k. 32507
Koha tipo de ítem Libro
Clasificación 830-31
Signatura librística G 64
Inventario Inv. 42353
Parte de la signatura que identifica el ejemplar Ej. 3
945 ## - PROCESAMIENTO DE LA INFORMACIÓN LOCAL
Catalogador y fecha sa 06/04/2026 mev 07/04/2026
Existencias
Estado retirado Estado perdido Fuente de clasificación Estado dañado No se presta Biblioteca propietaria Biblioteca de reserva Fecha de adquisición Procedencia Total de préstamos Signatura topográfica completa Código de barras (nº de inventario) Fecha visto por última vez Catalogador y fecha Tipo de ítem Koha Nota pública
    Universal Decimal Classification     Biblioteca Pedagógica Eudoro Díaz Biblioteca Pedagógica Eudoro Díaz 06/04/2026 Donación   830-31 G 64 Ej.3 42353 06/04/2026 sa 06/06/2026 Libro Se presta 15 días.